000 00280nam a2200097Ia 4500
001 798356
005 20250826170826.0
008 250824s9999 xx 000 0 und d
245 0 _aSABRİ CEMİL 5. AKILLI TAHTA AKLIMI ALDI
_cMUHİDDİN YENİGÜL
260 _bUĞUR BÖCEĞİ YAYINLARI
999 _c798356
_d798356